000 00530nam a2200217Ia 4500
003 OSt
005 20220928142749.0
006 a|||||r|||| 00| 0
007 ta
008 220927b |||||||| |||| 00| 0 eng d
024 _a20055
037 _cTextual
040 _aSDCL
_cSDCL
_beng
041 _2eng
_aeng
082 _aO15,1xN3, L7
100 _aMadhubala
_9399743
245 0 _aSanskrit vadayam mein Nehru.
260 _c1977
942 _hO15,1xN3, L7
_cTEXL
_2CC
999 _c822195
_d822195